00369nam a2200145Ia 4500008004100000020001500041041001200056082001600068100001700084245006600101260002500167300000800192650000700200700001600207221030s9999 xx 000 0 und d a0074624784 aEnglish a105.23bAla aN. Alagappan 0aElectrical Estimating & Costingcby N. Alagappan, E. Kambaram bTMHaNew Delhic2000 a230 aEE aE. Kambaram